Estudio de factibilidad /

Estudio de factibilidad del proyecto de desarrollo agroindustrial del Valle de Sebaco en Nicaragua (suministro y conducción, adecuación predial, infraestructura). Señala cuales son las obras de ingeniería necesarias para asegurar el suministro y conducción de agua de riego a los cultivos programados...

Popoln opis

Shranjeno v:
Bibliografske podrobnosti
Autores Corporativos: Nicaragua. Consejo de Planificación Nacional. Dirección de Planificación Nacional, Tahal Consulting Engineers Ltd
Format: Texto
Izdano: Managua: Dirección de Planificación Nacional
Teme:
Oznake: Označite
Brez oznak, prvi označite!

MARC

LEADER 00000 a a2200000 04500
001 20191
003
040
090 |a 083304  
110 |a Nicaragua. Consejo de Planificación Nacional. Dirección de Planificación Nacional  
245 |a Estudio de factibilidad /  |c Nicaragua. Consejo de Planificación Nacional. Dirección de Planificación Nacional  
260 |a Managua:   |b Dirección de Planificación Nacional  
300 |a 141 p.; v. 4  
520 |a Estudio de factibilidad del proyecto de desarrollo agroindustrial del Valle de Sebaco en Nicaragua (suministro y conducción, adecuación predial, infraestructura). Señala cuales son las obras de ingeniería necesarias para asegurar el suministro y conducción de agua de riego a los cultivos programados dentro del desarrollo agrícola del Valle. Plantea modelos seleccionados que sirvan de base a la planificación del proyecto./ACM  
650 |a NICARAGUA  
650 |a ESTUDIOS DE FACTIBILIDAD  
650 |a PROYECTOS DE DESARROLLO  
650 |a DESARROLLO AGRICOLA  
650 |a AGROINDUSTRIA  
650 |a POTENCIAL DE DESARROLLO  
650 |a SISTEMAS DE RIEGO  
710 |a Tahal Consulting Engineers Ltd.  
999 |c 14876  |d 14876